000 nam a22 7a 4500
999 _c9732
_d9732
008 180206b ||||| |||| 00| 0 eng d
100 _aMukhopadhyay,A.
_95837
245 _aRoses
260 _aNew Delhi
_bNBT
_c2007